Tribhuvan University Central Library

Prajatantra; prajatantrik abhyas; ek parichaya (Record no. 43431)

MARC details
000 -LEADER
fixed length control field 005120000a22002290004500
015 ## - NATIONAL BIBLIOGRAPHY NUMBER
National bibliography number NNB
082 ## - DEWEY DECIMAL CLASSIFICATION NUMBER
Classification number N321.4
Item number M992p
041 ## - LANGUAGE CODE
Language code of text/sound track or separate title Nep
100 ## - MAIN ENTRY--PERSONAL NAME
Personal name Mayar, Thomas
100 ## - MAIN ENTRY--PERSONAL NAME
Personal name Humagain, Ram, anu.
245 ## - TITLE STATEMENT
Title Prajatantra; prajatantrik abhyas; ek parichaya
260 ## - PUBLICATION, DISTRIBUTION, ETC. (IMPRINT)
Place of publication, distribution, etc Kathmandu
Name of publisher, distributor, etc FES, Nepal
260 ## - PUBLICATION, DISTRIBUTION, ETC. (IMPRINT)
Date of publication, distribution, etc 2006
300 ## - PHYSICAL DESCRIPTION
Extent 72p.
518 ## - DATE/TIME AND PLACE OF AN EVENT NOTE
Date/time and place of an event note 20080114
530 ## - ADDITIONAL PHYSICAL FORM AVAILABLE NOTE
Additional physical form available note M
650 ## - SUBJECT ADDED ENTRY--TOPICAL TERM
Topical term or geographic name as entry element Democracy
650 ## - SUBJECT ADDED ENTRY--TOPICAL TERM
Topical term or geographic name as entry element Human rights
650 ## - SUBJECT ADDED ENTRY--TOPICAL TERM
Topical term or geographic name as entry element Political parties
650 ## - SUBJECT ADDED ENTRY--TOPICAL TERM
Topical term or geographic name as entry element Socialism
942 ## - ADDED ENTRY ELEMENTS (KOHA)
Koha item type General Collections
Holdings
Withdrawn status Lost status Source of classification or shelving scheme Damaged status Not for loan Home library Current library Shelving location Date acquired Total Checkouts Full call number Barcode Date last seen Date checked out Price effective from Koha item type
    Dewey Decimal Classification     Tribhuvan University Central Library Tribhuvan University Central Library New Building 06/20/2010 2 N321.4/M992p G67675 07/30/2023 06/30/2023 06/20/2010 General Collections